Statistics for Placement test

Click here to take the quiz!

General Stats

  • This quiz has been taken 127 times
  • The average score is 4 of 10

Answer Stats

QuestionAnswer% Correct
What does Ms Chavez say about the newspaper business?It’s becoming more challenging.
52%
Listen to the interview. Choose the correct answer - a, b or c - to the questions below. Does Ms Chavez say about newspapers?They need to change.
45%
LANGUAGE..Choose the correct words to complete each sentence. The factory in Itami next week.I’m going to visit
44%
Have you.......................lunch yet?eaten
43%
What does Ms Chavez say is the main source of income for newspapers?Advertising
41%
We are..................very hard this week to meet the deadline.working
35%
They’ve.........to close the Barcelona office.decided
31%
I usually ...................a taxi when I go to head office.take
31%
She...............to New York about three times a year.goes
28%
My company ...................brake parts for cars.produces
28%

Score Distribution

Percentile by Number Answered

Percent of People with Each Score

Your Score History

You have not taken this quiz